[Event "GER-chT U12 Girls"]
[Site "Willingen"]
[Date "2022.08.14"]
[Round "4.2"]
[White "Yan, Jenny"]
[Black "Hovhannisyan, Sofia"]
[Result "0-1"]
[WhiteElo "984"]
[BlackElo "935"]
[PlyCount "62"]
[EventDate "2022.08.13"]
[EventType "team-swiss"]
[EventRounds "7"]
[EventCountry "GER"]
[SourceTitle "EXT 2023"]
[Source "ChessBase"]
[SourceDate "2022.10.05"]
[SourceVersion "1"]
[SourceVersionDate "2022.10.05"]
[SourceQuality "1"]
[WhiteTeam "Hamburger SK"]
[BlackTeam "Weisse Dame"]
[WhiteTeamCountry "GER"]
[BlackTeamCountry "GER"]

1. c4 c6 2. Nf3 d5 3. d4 Nf6 4. Nc3 Bg4 5. e3 e6 6. Be2 Nbd7 7. b3 Bb4 8. Bb2 0-0 9. 0-0 c5 10. h3 Bh5 11. cxd5 exd5 12. Ne5 Bxe2 13. Qxe2 b6 14. Nxd7 Qxd7 15. a3 Bxc3 16. Bxc3 Rac8 17. dxc5 Ne4 18. Bb2 bxc5 19. Qd1 Rfd8 20. b4 Qb5 21. Rb1 Rc6 22. bxc5 Qxc5 23. Rc1 Qb6 24. Rxc6 Qxc6 25. Qd4 Qg6 26. Qxa7 h6 27. Qa5 Rd6 28. Rd1 Qg5 29. Bc1 Rg6 30. g4 Qh4 31. Qe1 Qxh3 0-1